| 000 | 01238cam a2200385 a 4500 | ||
|---|---|---|---|
| 001 | 15980412 | ||
| 003 | NUST-PNEC | ||
| 005 | 20170116180654.0 | ||
| 007 | co |g||||||||| | ||
| 008 | 091110s2010 njua 001 0 eng | ||
| 010 | _a 2009046180 | ||
| 015 |
_aGBA9A8188 _2bnb |
||
| 015 |
_aGBA9A8130 _2bnb |
||
| 016 | 7 |
_a015414606 _2Uk |
|
| 016 | 7 |
_a015414548 _2Uk |
|
| 020 | _a9780137146666 | ||
| 020 | _a0137146663 | ||
| 020 | _a9780132142403 (pbk.) | ||
| 020 | _a0132142406 (pbk.) | ||
| 035 | _a(OCoLC)ocn465363715 | ||
| 040 |
_aDLC _cDLC _dYDX _dBTCTA _dUKM _dYDXCP _dVP@ _dDLC |
||
| 050 | 0 | 0 |
_aTK454 _b.B68 2010 |
| 082 | 0 | 0 | _a621.3192 BOY |
| 100 | 1 | _aBoylestad, Robert L. | |
| 245 | 1 | 0 |
_aIntroductory circuit analysis / _cRobert L. Boylestad. |
| 250 | _a12th ed. | ||
| 260 |
_aUpper Saddle River, N.J. : _bPrentice Hall, _cc2010. |
||
| 300 |
_axii, 1188 p. : _bill. (some col.) ; _c29 cm. + |
||
| 500 | _aIncludes index. | ||
| 650 | 0 |
_aElectric circuits _xEL-EE |
|
| 650 | 0 |
_aElectric circuit analysis _vTextbooks. |
|
| 906 |
_a7 _bcbc _corignew _d1 _eecip _f20 _gy-gencatlg |
||
| 942 |
_2ddc _cBK |
||
| 999 |
_c60321 _d60321 |
||